01000cam a2200241Ia 450000500170000000800410001702000180005803500210007604000500009704100080014724500920015526000770024730000210032450400530034565000240039865000550042265000620047765000460053965100560058565100600064170000270070170000300072820150506111948.0150506s2003 xxu fr 001 0 eng d a9780742516014 a(OCoLC)607063011 aCO-BoUCMbspacJose A. GerenadJose A. Gerena0 aeng00aLatin American and Caribbean foreign policyceditado por Frank O. Mora Jeanne A.K. Hey. aLanham (Maryland, Estados Unidos)bRowman & Littlefield Publishersc2003 ax, 419 páginas aIncluye referencias bibliográficas e índices 7aCiencia política  7aPolítica exterior zAmérica Latina y el caribe 7aRelaciones internacionales zAmérica Latina y el caribe 7aDiplomacia zAmérica Latina y el caribe 4aAmérica Latina y el caribexPolítica y gobierno 4aAmérica Latina y el caribexRelaciones intrnacionales1 aMora, Frank O.eeditor1 aHey, Jeanne A. K.eeditor